000 00394nam a22001457a 4500
005 20160108103438.0
008 160108b xxu||||| |||| 00| 0 eng d
040 _cPK-LaUMT
082 _aMMC 954.91092
_bMUB-M
100 _aمبارک علی
245 _aمیری دنیا
_bآپبیتی
_cمبارک علی
260 _aلاہور
_bفکشن ہاوس
_c2012
300 _a192 ص
942 _cBK
999 _c81256
_d81256